| 000 | 00374nam a2200169Ia 4500 | ||
|---|---|---|---|
| 100 | _aConner/Nancy/ MacDonald mathew | ||
| 650 | _aOffice 2013 | ||
| 942 | _cBK | ||
| 366 | _f20 | ||
| 654 | _aoffice 2013 | ||
| 245 | _aOffice 2013 the missing manual | ||
| 260 |
_bOreilly _c2013 |
||
| 082 |
_a5.43 _bCON |
||
| 300 | _a1024 | ||
| 546 |
_aENGLISH _cComputers |
||
| 999 |
_c24078 _d24078 |
||